Los problemas monetarios de la post-guerra / (Record no. 29985)

MARC details
000 -LEADER
campo de control de longitud fija 00934nam a2200229 i 4500
001 - NÚMERO DE CONTROL
campo de control 29985
003 - IDENTIFICADOR DE NÚMERO DE CONTROL
campo de control ES-MaACL
005 - FECHA Y HORA DE LA ÚLTIMA TRANSACCIÓN
campo de control 20250401183957.0
007 - CAMPO FIJO DE DESCRIPCIÓN FÍSICA--INFORMACIÓN GENERAL
campo de control de longitud fija t|
008 - DATOS DE LONGITUD FIJA--INFORMACIÓN GENERAL
campo de control de longitud fija 030123s1945 mx ||||1| spa d
100 1# - ENTRADA PRINCIPAL--NOMBRE DE PERSONA
Nombre de persona Barreto, Emilio G.
9 (RLIN) 25952
245 14 - MENCIÓN DEL TÍTULO
Título Los problemas monetarios de la post-guerra /
Mención de responsabilidad, etc. Emilio G. Barreto.
260 ## - PUBLICACIÓN, DISTRIBUCIÓN, ETC.
Lugar de publicación, distribución, etc. México :
Nombre del editor, distribuidor, etc. Fondo de Cultura Económica,
Fecha de publicación, distribución, etc. [1945] (
Fabricante Gráf. Panamericana)
300 ## - DESCRIPCIÓN FÍSICA
Extensión 197 p. ;
Dimensiones 20 cm.
510 ## - NOTA DE CITAS O REFERENCIAS BIBLIOGRÁFICAS
Nombre de la fuente CCPB,
Localización dentro de la fuente 001328795-8.
650 #4 - PUNTO DE ACCESO ADICIONAL DE MATERIA--TÉRMINO DE MATERIA
9 (RLIN) 16300
Término de materia o nombre geográfico como elemento de entrada Política monetaria
852 ## - LOCALIZACIÓN
Ubicación ES-MaACL
Número de control de estantería D-6251
Sublocalización o colección R.30311
-- R.M.5846
itemnumber 31117
Ubicación en estantería Sala Valle Inclán
Marcas de propiedad Sello en tinta azul de la Biblioteca del Ateneo de Madrid.
Anotaciones manuscritas Anotación manuscrita a lápiz en cubierta: "7".
Nota libre "21.NOV.1950"
942 ## - ELEMENTOS DE ENTRADA SECUNDARIOS (KOHA)
Fuente del sistema de clasificación o colocación Clasificación decimal universal
Tipo de ítem Koha Libro impreso
Holdings
Estatus retirado Estado de pérdida Fuente del sistema de clasificación o colocación Estado de daño No para préstamo Biblioteca de origen Biblioteca actual Ubicación en estantería Fecha de adquisición Total de préstamos Signatura topográfica completa Código de barras Visto por última vez Precio de reemplazo Tipo de ítem Koha
    Clasificación decimal universal     Biblioteca del Ateneo de Madrid Biblioteca del Ateneo de Madrid Sala Valle Inclán 17/01/2008   D-6251 101229783 23/02/2023 23/02/2023 Libro impreso